[Event "Deutsche Einzelmeisterschaft 1997"] 
[Site "Gladenbach"]  
[Date "1997.11.18"] 
[Round "2"]
[White "Bastian,H"]
[Black "Puth,D"] 
[Result "1-0"] 
[WhiteElo "2375"]
[BlackElo "2300"]

1.e4 c5 2.Nc3 d6 3.g3 Nc6 4.Bg2 g6 5.d3 Bg7 6.f4 e6 7.Nf3 Nge7 8.0-0 0-0
9.Be3 Nd4 10.Bf2 e5 11.fxe5 dxe5 12.Be3 b6 13.Qd2 Qd6 14.Rf2 f6 15.Raf1 Be6
16.b3 a6 17.Nd1 Rad8 18.Ne1 b5 19.c3 Ndc6 20.Nb2 Rf7 21.Qc1 Na5 22.Nf3 Nec6
23.h3 Rc8 24.Rc2 Rfc7 25.Kh2 Ne7 26.Rcf2 Nec6 27.Qe1 Rf7 28.Rc2 Rfc7 29.Qf2
Ne7 30.Rfc1 h6 31.Rf1 Kh7 32.Rd1 f5 33.Qd2 Rd7 34.Qc1 Rf8 35.d4 fxe4 36.dxc5
Qc7 37.Rxd7 Bxd7 38.Nd2 Nf5 39.Nxe4 Bc6 40.b4 Nc4 41.Nxc4 bxc4 42.Bf2 Qb7
43.Qh1 Qb5 44.Ng5+ hxg5 45.Bxc6 Qb8 46.Qe4 Ne7 47.Bb7 Rf6 48.Be3 g4 49.hxg4
Rf1 50.Rc1 Rxc1 51.Bxc1 a5 52.bxa5 Qc7 53.a6 1-0

[Event "Deutsche Einzelmeisterschaft 1997"] 
[Site "Gladenbach"]  
[Date "1997.11.18"] 
[Round "2"]
[White "Menacher,M"]
[Black "Zude,E"]
[Result "1/2-1/2"] 
[WhiteElo "2270"]
[BlackElo "2365"]

1.e4 e5 2.Nf3 Nc6 3.d4 exd4 4.Nxd4 Bb4+ 5.c3 Be7 6.Bc4 Nf6 7.Nxc6 bxc6 8.e5
Ne4 9.Qf3 d5 10.exd6 Nxd6 11.0-0 0-0 12.Bd3 Rb8 13.Qxc6 Bg5 14.f4 Bf6 15.Qa4
Re8 16.Qc2 c5 17.Nd2 g6 18.Ne4 c4 19.Nxf6+ Qxf6 20.Be2 Bf5 21.Qd2 Rbd8
22.Bf3 Ne4 23.Qe1 Rd3 24.h3 Re6 25.Bxe4 Rxe4 26.Qf2 Qe7 27.b3 Re2 28.Ba3 Qe4
29.Rfe1 Rxf2 30.Rxe4 Rxg2+ 31.Kxg2 Bxe4+ 32.Kf2 Rxc3 33.Rd1 Bd3 34.Rc1 Rxc1
35.Bxc1 cxb3 36.axb3 f6 37.Ke3 Bf1 38.h4 Kf7 39.b4 Ke6 40.Bb2 Bb5 41.Kf3 a6
42.Bd4 Kf5 43.Bc5 Bc6+ 44.Kg3 Ke6 45.Bd4 1/2-1/2

[Event "Deutsche Einzelmeisterschaft 1997"] 
[Site "Gladenbach"]  
[Date "1997.11.18"] 
[Round "2"]
[White "Paehtz,T,jr"]
[Black "Buhr,C"] 
[Result "1-0"] 
[WhiteElo "2135"]
[BlackElo "2340"]

1.e4 c5 2.Nf3 d6 3.d4 cxd4 4.Nxd4 Nf6 5.Nc3 Nc6 6.Bg5 e6 7.Qd2 a6 8.0-0-0 h6
9.Be3 Bd7 10.f3 b5 11.Bd3 Rb8 12.Nxc6 Bxc6 13.Ne2 e5 14.Kb1 Be7 15.c4 Nd7
16.cxb5 axb5 17.Rc1 Ba8 18.Ng3 Nc5 19.Nf5 Ne6 20.Rhd1 g6 21.Nxh6 Kf8 22.Ng4
Kg7 23.Bc2 Bb7 24.Bb3 Bc8 25.h3 Qe8 26.Nf2 f5 27.Nd3 Rh4 28.g3 Rxh3 29.Rh1
Rxh1 30.Rxh1 Nd4 31.Bh6+ 1-0

[Event "Deutsche Einzelmeisterschaft 1997"] 
[Site "Gladenbach"]  
[Date "1997.11.18"] 
[Round "2"]
[White "Schwing,H"]
[Black "Dobierzin,O"]
[Result "1-0"] 
[WhiteElo "2315"]
[BlackElo "2180"]

1.d4 Nf6 2.c4 g6 3.g3 Bg7 4.Bg2 0-0 5.Nc3 d6 6.Nf3 Nbd7 7.0-0 e5 8.e4 exd4
9.Nxd4 Re8 10.h3 Nc5 11.Re1 Bd7 12.Bf4 Qc8 13.Kh2 a5 14.b3 Ne6 15.Be3 Re7
16.Qd2 Nxd4 17.Bxd4 Bc6 18.Rac1 Qd7 19.Nd5 Bxd5 20.cxd5 Qe8 21.f3 b6 22.Bf1
a4 23.b4 a3 24.Rc2 Qa4 25.Rec1 Ra7 26.Rc4 Qd7 27.Rc6 Ne8 28.h4 Bxd4 29.Qxd4
Qd8 30.R6c2 Qd7 31.f4 f6 32.Bh3 f5 33.Re1 Qa4 34.Rce2 Qb5 35.Re3 Ra4 36.exf5
Rxb4 37.Qxb4 Qxb4 38.Rxe7 Nf6 39.fxg6 hxg6 40.Be6+ Kh8 41.Re2 Qc4 42.Rg2 b5
43.Rf7 Qc3 44.Rf8+ Kg7 45.Rf7+ Kh8 46.f5 Ng4+ 47.Kh3 Ne5 48.Re7 g5 49.hxg5
Qf3 50.Rh2 Ng4 51.g6 1-0

[Event "Deutsche Einzelmeisterschaft 1997"] 
[Site "Gladenbach"]  
[Date "1997.11.19"] 
[Round "3"]
[White "Wahls,M"]
[Black "Lutz,C"]
[Result "1/2-1/2"] 
[WhiteElo "2595"]
[BlackElo "2590"]

1.e4 c5 2.Nf3 d6 3.d4 cxd4 4.Nxd4 Nf6 5.Nc3 a6 6.Be2 e5 7.Nb3 Be7 8.0-0 0-0
9.Kh1 b6 10.Bg5 Nbd7 11.Nd5 Nxd5 12.Qxd5 Rb8 13.Bxe7 Qxe7 14.Rad1 Nf6
15.Qxd6 Qxd6 16.Rxd6 Nxe4 17.Rd5 Re8 18.f3 Nf6 19.Rd6 Bf5 20.c3 a5 21.Rfd1
Kf8 22.Nd2 b5 23.Nb3 Bc2 24.Ra1 a4 25.Nc5 Rbc8 26.Na6 a3 27.bxa3 Rxc3
28.Bxb5 Rec8 29.a4 e4 30.Nb4 exf3 31.gxf3 Rxf3 32.Rc1 Be4 33.Rxc8+ Ke7
34.Kg1 Kxd6 35.a5 Ra3 36.a6 Nd5 37.Rc6+ Ke5 38.Rc8 1/2-1/2

[Event "Deutsche Einzelmeisterschaft 1997"] 
[Site "Gladenbach"]  
[Date "1997.11.19"] 
[Round "3"]
[White "Heinemann,T"]
[Black "Slobodjan,R"]
[Result "1/2-1/2"] 
[WhiteElo "2450"]
[BlackElo "2550"]

1.e4 e5 2.Nf3 Nc6 3.Bc4 Nf6 4.Ng5 d5 5.exd5 Na5 6.Bb5+ c6 7.dxc6 bxc6 8.Be2
h6 9.Nh3 Bc5 10.d3 0-0 11.0-0 Nd5 12.Nc3 Nxc3 13.bxc3 Qh4 14.Be3 Bxe3
15.fxe3 Bxh3 16.gxh3 Qxh3 17.Bf3 Qd7 18.Qe1 f5 19.c4 Nb7 20.Qc3 Rae8 21.Bg2
Rf6 22.Rab1 Nd8 23.Rf2 f4 24.Re1 Nf7 25.Qd2 g5 26.Qe2 Rf8 27.exf4 exf4 28.h3
Kg7 29.c3 c5 30.Qe4 Rd8 31.Bf1 Nd6 32.Qe7+ Qxe7 33.Rxe7+ Rf7 34.Re5 Rc8
35.Bg2 Nf5 36.Bd5 Rf6 37.Rb2 Rc7 38.Rb8 Ne7 39.Be4 Ra6 40.Rb7 Rxb7 41.Bxb7
Ng6 42.Rxc5 Rxa2 43.Rc7+ Kf6 44.Rc6+ Kg7 45.Rc7+ 1/2-1/2

[Event "Deutsche Einzelmeisterschaft 1997"] 
[Site "Gladenbach"]  
[Date "1997.11.19"] 
[Round "3"]
[White "Maiwald,J"]
[Black "Luther,T"] 
[Result "1/2-1/2"] 
[WhiteElo "2450"]
[BlackElo "2525"]

1.c4 c6 2.Nf3 d5 3.e3 Nf6 4.d4 e6 5.Nc3 Nbd7 6.Qc2 Bd6 7.Be2 0-0 8.0-0 Re8
9.Rd1 b6 10.b3 Bb7 11.Bb2 Qe7 12.e4 Nxe4 13.Nxe4 dxe4 14.Qxe4 1/2-1/2

[Event "Deutsche Einzelmeisterschaft 1997"] 
[Site "Gladenbach"]  
[Date "1997.11.19"] 
[Round "3"]
[White "Teske,H"]
[Black "Schmaltz,R"]
[Result "0-1"] 
[WhiteElo "2515"]
[BlackElo "2445"]

1.c4 g6 2.Nc3 Bg7 3.g3 Nf6 4.Bg2 0-0 5.d4 d6 6.b3 c5 7.e3 Nc6 8.Nge2 cxd4
9.exd4 d5 10.cxd5 Nb4 11.Nf4 Bf5 12.0-0 Nc2 13.Rb1 Rc8 14.Bb2 Qa5 15.Qd2 Nb4
16.a3 Na6 17.Rbc1 Bh6 18.Rfe1 Rfe8 19.Re5 Qb6 20.b4 Nh5 21.d6 Qxd6 22.Bxb7
Rcd8 23.Qe2 Nxf4 24.gxf4 Nc7 25.Ne4 Bxe4 26.Qxe4 Ne6 27.Rc6 Qb8 28.d5 Nxf4
29.Ba6 e6 30.dxe6 Rd1+ 31.Bf1 fxe6 32.Qf3 Qd8 33.Rec5 Qd2 34.Rc8 Rf8
35.Rxf8+ Bxf8 36.Rc8 Ne2+ 0-1

[Event "Deutsche Einzelmeisterschaft 1997"] 
[Site "Gladenbach"]  
[Date "1997.11.19"] 
[Round "3"]
[White "Mueller,K"]
[Black "Gisbrecht,E"] 
[Result "1-0"] 
[WhiteElo "2505"]
[BlackElo "2400"]

1.e4 c5 2.Nf3 Nf6 3.Nc3 d5 4.exd5 Nxd5 5.Bb5+ Nc6 6.Ne5 Qd6 7.d4 cxd4 8.Qxd4
Bd7 9.Qxd5 Qxe5+ 10.Qxe5 Nxe5 11.Bf4 Nc6 12.0-0-0 0-0-0 13.Rhe1 e6 14.Ne4
Be7 15.Nd6+ Bxd6 16.Rxd6 Nb4 17.Bc4 Bc6 18.a3 Nd5 19.Rxd8+ Rxd8 20.Bg3 Re8
21.Bf1 g5 22.f3 a6 23.c4 Nf4 24.Kc2 e5 25.Kc3 f5 26.Bf2 h5 27.Be3 Kc7 28.b3
h4 29.Bc1 h3 30.gxh3 Bxf3 31.h4 Ng6 32.Bxg5 Bg4 33.h3 Bh5 34.Bg2 e4 35.Kd4
Kd7 36.Rf1 Ke6 37.Rf2 Rf8 38.Rd2 Rf7 39.Ke3 Rd7 40.Rxd7 Kxd7 41.Kd4 Kd6
42.Bf1 Ke6 43.c5 Ne5 44.Bf4 Nf3+ 45.Ke3 Nxh4 46.Bg3 Nf3 47.Bc4+ Kf6 48.Bd5
Bf7 49.Bxb7 Bxb3 50.Bxa6 Bd5 51.Kf4 Bc6 52.Bc8 Nd4 53.Bh4+ Kg6 54.Bf2 Ne2+
55.Ke5 1-0

[Event "Deutsche Einzelmeisterschaft 1997"] 
[Site "Gladenbach"]  
[Date "1997.11.19"] 
[Round "3"]
[White "Gutman,L"]
[Black "Schaller,S"]
[Result "1-0"] 
[WhiteElo "2475"]
[BlackElo "2315"]

1.Nf3 c6 2.c4 d6 3.g3 e5 4.Bg2 Nf6 5.0-0 Be7 6.Nc3 a6 7.d4 Qc7 8.h3 Nbd7
9.Qc2 b5 10.dxe5 dxe5 11.Nh4 b4 12.Ne4 Nc5 13.Nxc5 Bxc5 14.Bg5 Nh5 15.Qe4 h6
16.Be3 Bxe3 17.Qxc6+ Qxc6 18.Bxc6+ Ke7 19.Bxa8 Bc5 20.Kg2 Nf6 21.Nf3 e4
22.Nd2 e3 23.fxe3 Bxe3 24.Ne4 Bd4 25.Nxf6 Bxf6 26.Bd5 Be6 27.Bxe6 Kxe6
28.Rab1 Rd8 29.Rfd1 Rxd1 30.Rxd1 Bxb2 31.Rd5 Bc3 32.Ra5 Kd6 33.Kf3 Kc6
34.Rxa6+ Kc5 35.Ke4 Kxc4 36.Rc6+ Kb5 37.Rc7 f6 38.Kd3 f5 39.Rb7+ Kc6 40.Rf7
Be5 41.Kc4 Bxg3 1-0

[Event "Deutsche Einzelmeisterschaft 1997"] 
[Site "Gladenbach"]  
[Date "1997.11.19"] 
[Round "3"]
[White "Zude,A"]
[Black "Schmittdiel,E"] 
[Result "1-0"] 
[WhiteElo "2395"]
[BlackElo "2450"]

1.e4 c5 2.Nf3 Nc6 3.d4 cxd4 4.Nxd4 e5 5.Nb5 d6 6.N1c3 a6 7.Na3 b5 8.Nd5 Nce7
9.c4 Nxd5 10.exd5 Nf6 11.cxb5 Be7 12.Bc4 0-0 13.0-0 axb5 14.Nxb5 Nd7 15.b3
Nb6 16.a4 Ba6 17.Ba3 f5 18.Qe2 Kh8 19.Rfd1 Nxc4 20.bxc4 Qd7 21.Bb4 Rfc8
22.Rac1 h6 23.h3 Bb7 24.Qa2 Ba6 25.Qa3 Rxc4 26.Rxc4 Bxb5 27.Rc3 Rxa4 28.Qb2
Bf6 29.Ra3 e4 30.Bc3 Rxa3 31.Qxa3 Qe7 32.Qb2 Bxc3 33.Qxc3 Kh7 34.Qd4 Bd3
35.Ra1 Qg5 36.Ra7 f4 37.Kh2 Qg6 38.Re7 e3 39.Qxf4 e2 40.g4 Kg8 41.Qe3 Bc4
42.Re8+ Kh7 43.Qe4 Qxe4 44.Rxe4 g5 45.Kg3 Kg6 46.f3 Bxd5 47.Rxe2 Kf6 48.Re8
Be6 49.Rh8 Kg7 50.Rd8 d5 51.Kf2 1-0

[Event "Deutsche Einzelmeisterschaft 1997"] 
[Site "Gladenbach"]  
[Date "1997.11.19"] 
[Round "3"]
[White "Kindermann,S"]
[Black "Bastian,H"]
[Result "1/2-1/2"] 
[WhiteElo "2570"]
[BlackElo "2375"] 

1.e4 e5 2.Nf3 Nc6 3.Bb5 Nf6 4.0-0 Nxe4 5.d4 Nd6 6.Bxc6 dxc6 7.dxe5 Nf5
8.Qxd8+ Kxd8 9.Nc3 h6 10.h3 a6 11.Bf4 Be6 12.Rad1+ Ke8 13.g4 Ne7 14.Nd4 Nd5
15.Nxe6 fxe6 16.Bd2 Nxc3 17.Bxc3 h5 18.Kg2 Be7 19.f4 hxg4 20.hxg4 g6 21.Rh1
Rf8 22.Rh6 Rxf4 23.Kg3 g5 24.Rxe6 Kf7 25.Rh6 Rf8 26.Rd3 Kg7 27.Re6 Kf7
28.Rh6 Kg7 29.Re6 Kf7 30.Rh6 Kg7 1/2-1/2

[Event "Deutsche Einzelmeisterschaft 1997"] 
[Site "Gladenbach"]  
[Date "1997.11.19"] 
[Round "3"]
[White "Keitlinghaus,L"]
[Black "Holzhaeuer,M"] 
[Result "1/2-1/2"] 
[WhiteElo "2525"]
[BlackElo "2355"]

1.e4 d5 2.exd5 Nf6 3.d4 Nxd5 4.Nf3 Bg4 5.h3 Bh5 6.c4 Nb6 7.Nc3 e6 8.Be3 Bb4
9.Qb3 Nc6 10.Be2 0-0 11.a3 Be7 12.g4 Bg6 13.d5 Na5 14.Qb5 Nbxc4 15.Bxc4 c6
16.dxc6 a6 17.Bb6 1/2-1/2

[Event "Deutsche Einzelmeisterschaft 1997"] 
[Site "Gladenbach"]  
[Date "1997.11.19"] 
[Round "3"]
[White "Lampe,D"]
[Black "Rabiega,R"]
[Result "1-0"] 
[WhiteElo "2295"]
[BlackElo "2490"]

1.e4 c5 2.Nf3 Nc6 3.d4 cxd4 4.Nxd4 Qb6 5.Nb3 Nf6 6.Nc3 e6 7.Bd3 d6 8.0-0 a6
9.Be3 Qc7 10.f4 Be7 11.Qf3 b5 12.a3 Bb7 13.Rad1 0-0 14.g4 Rfe8 15.g5 Nd7
16.h4 b4 17.axb4 Nxb4 18.Qg3 Bf8 19.Rf2 Rad8 20.Bf1 Nc5 21.Nxc5 dxc5 22.Rxd8
Rxd8 23.h5 Bc8 24.Bc4 Qa5 25.g6 Qa1+ 26.Rf1 Qxb2 27.gxf7+ Kh8 28.Bc1 Qxc2
29.h6 Rd7 30.Bxe6 Rd8 31.f5 Qd3 32.Qxd3 Rxd3 33.Bxc8 Rg3+ 34.Kh1 Nd3 35.Bxa6
Nxc1 36.Rxc1 gxh6 37.f6 1-0

[Event "Deutsche Einzelmeisterschaft 1997"] 
[Site "Gladenbach"]  
[Date "1997.11.19"] 
[Round "3"]
[White "Seger,R"]
[Black "Miltner,A"]
[Result "0-1"] 
[WhiteElo "2340"]
[BlackElo "2410"]

1.e4 d6 2.d4 Nf6 3.Nc3 Nbd7 4.Nf3 e5 5.Bc4 Be7 6.dxe5 dxe5 7.Bxf7+ Kxf7
8.Ng5+ Kg6 9.f4 exf4 10.Ne6 Qg8 11.Nxf4+ Kf7 12.0-0 Qd8 13.Nd3 Bd6 14.e5
Bxe5 15.Nxe5+ Nxe5 16.Qh5+ Ng6 17.Nd5 Bg4 18.Qg5 h6 19.Qd2 c6 20.Nxf6 gxf6
21.Qc3 Be6 22.Be3 f5 23.Rad1 Qc7 24.Bd4 Rh7 25.Qh3 Kg8 26.b3 b6 27.Bb2 Re8
28.Rfe1 c5 29.Re3 h5 30.Rde1 Qf7 31.Qf3 h4 32.Qc6 Nf8 33.Qd6 Qg6 34.R1e2 Rd7
35.Qf4 Qh5 36.Qe5 Qh6 37.Qc3 Rd1+ 38.Re1 Red8 39.h3 R8d4 40.Rxd1 Rxd1+
41.Re1 Rxe1+ 42.Qxe1 Kf7 0-1

[Event "Deutsche Einzelmeisterschaft 1997"] 
[Site "Gladenbach"]  
[Date "1997.11.19"] 
[Round "3"]
[White "Bode,W"]
[Black "Schwing,H"] 
[Result "1/2-1/2"] 
[WhiteElo "2400"]
[BlackElo "2315"]

1.c4 Nf6 2.Nc3 e5 3.e3 Bb4 4.Nge2 0-0 5.a3 Bxc3 6.Nxc3 Re8 7.Be2 d6 8.0-0
Nc6 9.b3 Bf5 10.f4 Qd7 11.Bb2 Rad8 12.e4 Bxe4 13.fxe5 Rxe5 14.Nxe4 Nxe4
15.d3 Ng5 16.Bxe5 dxe5 17.Qe1 Nd4 18.Bd1 f6 19.Qe3 Nc6 20.Be2 Ne6 21.Bg4 Qd6
22.Bxe6+ 1/2-1/2

[Event "Deutsche Einzelmeisterschaft 1997"] 
[Site "Gladenbach"]  
[Date "1997.11.19"] 
[Round "3"]
[White "Zude,E"]
[Black "Paehtz,T,jr"] 
[Result "1-0"] 
[WhiteElo "2365"]
[BlackElo "2135"]

1.e4 c5 2.Nf3 Nc6 3.d4 cxd4 4.Nxd4 Nf6 5.Nc3 d6 6.Be2 g6 7.Bg5 Bg7 8.Nb3 0-0
9.0-0 a5 10.a4 Be6 11.f4 Rc8 12.Kh1 Qb6 13.f5 Bxb3 14.cxb3 Qd4 15.Qe1 Ne5
16.Bb5 h6 17.Bxf6 Bxf6 18.Nd5 Qxb2 19.Rb1 Qd4 20.Rd1 Qc5 21.Qg3 g5 22.Qe1 b6
23.Qd2 Kg7 24.Rc1 Qa3 25.Rb1 g4 26.Nxb6 Bg5 27.Qe2 Rc3 28.Nc4 Nxc4 29.Bxc4
h5 30.e5 dxe5 31.Qxe5+ Bf6 32.Qxa5 Qa2 33.Qd5 Rc2 34.Rbd1 h4 35.Qe4 g3
36.Qg4+ Kh6 37.Bxf7 Rg8 38.Bxg8 1-0

[Event "Deutsche Einzelmeisterschaft 1997"] 
[Site "Gladenbach"]  
[Date "1997.11.19"] 
[Round "3"]
[White "Gietl,T"]
[Black "Oswald,H"]
[Result "1-0"] 
[WhiteElo "2300"]
[BlackElo "2330"]

1.e4 d5 2.Nc3 d4 3.Nce2 Nf6 4.e5 Ng4 5.f4 h5 6.Nf3 c5 7.Ng3 h4 8.Ne4 e6
9.Nfg5 Nh6 10.Qh5 Be7 11.Bc4 Kf8 12.0-0 g6 13.Qxh4 Kg7 14.d3 Nc6 15.Bd2 Nb4
16.Bxb4 cxb4 17.g4 Nf5 18.Qf2 Ne3 19.Qf3 Nxf1 20.Rxf1 Rf8 21.Qh3 Rh8 22.Qf3
Rf8 23.Qg3 f6 24.f5 fxg5 25.f6+ Kg8 26.Qh3 Bxf6 27.Nxf6+ Rxf6 28.exf6 Qf8
29.f7+ Kg7 30.Qg3 e5 31.Qxe5+ Kh6 32.Qxd4 b5 33.Bd5 Rb8 34.Rf3 Bxg4 35.Qxg4
Qc5+ 36.d4 Qxd5 37.f8Q+ 1-0

[Event "Deutsche Einzelmeisterschaft 1997"] 
[Site "Gladenbach"]  
[Date "1997.11.19"] 
[Round "3"]
[White "Puth,D"]
[Black "Buhr,C"] 
[Result "0-1"] 
[WhiteElo "2300"]
[BlackElo "2340"]

1.d4 d5 2.c4 dxc4 3.Nf3 Nf6 4.e3 e6 5.Bxc4 a6 6.0-0 c5 7.Qe2 b5 8.Bd3 Bb7
9.Rd1 Nbd7 10.a3 Qc7 11.Nc3 Be7 12.e4 cxd4 13.Nxd4 0-0 14.Bg5 Rad8 15.Rac1
Qb8 16.Kh1 Ne5 17.Bb1 Ng6 18.Nf3 h6 19.Be3 Ng4 20.Bb6 Rc8 21.h3 N4e5 22.Nxe5
Nxe5 23.Bd4 Bg5 24.Be3 Bxe3 25.Qxe3 Nc4 26.Qe2 Qe5 27.Ba2 Rc7 28.a4 Nd6
29.axb5 axb5 30.f3 Rfc8 31.Qd2 Nc4 32.Bxc4 Rxc4 33.Ne2 f5 34.exf5 exf5
35.Rxc4 Rxc4 36.Nc3 b4 37.Na4 Kh7 38.Qd7 Bc6 39.Qa7 Qe2 40.Rg1 Rc2 41.Qa5
Bxa4 42.Qxa4 Rxb2 43.Qa5 Qd3 44.Qa1 Qc2 45.Qe1 b3 46.h4 Ra2 47.h5 f4 48.Qe6
Ra5 0-1

[Event "Deutsche Einzelmeisterschaft 1997"] 
[Site "Gladenbach"]  
[Date "1997.11.19"] 
[Round "3"]
[White "Walter,G"]
[Black "Dobierzin,O"] 
[Result "1-0"] 
[WhiteElo "2305"]
[BlackElo "2180"]

1.d4 Nf6 2.c4 g6 3.Nc3 Bg7 4.e4 d6 5.h3 0-0 6.Bg5 h6 7.Be3 e5 8.d5 a5 9.Bd3
Na6 10.Nge2 Nc5 11.Bc2 Bd7 12.Qd2 Kh7 13.g4 Ng8 14.Ng3 Bf6 15.0-0-0 Bh4
16.Kb1 a4 17.Rdg1 Qe7 18.Rg2 Rfb8 19.Nge2 Bg5 20.Bxg5 Qxg5 21.f4 exf4 22.h4
Qe5 23.Nd4 Re8 24.Nf3 Qe7 25.g5 h5 26.Qxf4 Bc8 27.Rf2 a3 28.e5 Bg4 29.exd6
cxd6 30.Nd4 axb2 31.Qxf7+ Qxf7 32.Rxf7+ Kh8 33.Bxg6 1-0

[Event "Deutsche Einzelmeisterschaft 1997"] 
[Site "Gladenbach"]  
[Date "1997.11.20"] 
[Round "4"]
[White "Lutz,C"]
[Black "Gutman,L"]
[Result "1/2-1/2"] 
[WhiteElo "2590"]
[BlackElo "2475"]

1.e4 c5 2.Nf3 d6 3.d4 cxd4 4.Nxd4 Nf6 5.Nc3 a6 6.Be2 Bd7 7.0-0 Bc6 8.Nxc6
Nxc6 9.Be3 e6 10.f4 Be7 11.Bf3 0-0 12.Qe2 Rc8 13.Rad1 Qc7 14.Qf2 b5 15.a3
Qb8 16.Kh1 b4 17.axb4 Qxb4 18.Bc1 a5 19.Qg3 Nd4 20.e5 dxe5 21.fxe5 Nd7
22.Be4 f5 23.exf6 Nxf6 24.Bd3 Rf7 25.Qh3 Rcf8 26.Rf4 g6 27.Rff1 Nf5 28.Rf4
Nd4 29.Rff1 Nf5 1/2-1/2

[Event "Deutsche Einzelmeisterschaft 1997"] 
[Site "Gladenbach"]  
[Date "1997.11.20"] 
[Round "4"]
[White "Schmaltz,R"]
[Black "Mueller,K"] 
[Result "0-1"] 
[WhiteElo "2445"]
[BlackElo "2505"]

1.e4 e6 2.d3 d5 3.Nd2 Nf6 4.Ngf3 Nc6 5.Be2 e5 6.0-0 Bd6 7.c3 a5 8.b3 0-0
9.a3 Ne7 10.Re1 Ng6 11.Bf1 c6 12.Bb2 Re8 13.g3 b6 14.b4 Bb7 15.Qb3 Qc7
16.Bg2 c5 17.exd5 Bxd5 18.c4 Bc6 19.b5 Bb7 20.Bc3 Re7 21.Qb2 Rae8 22.Re2 Nd7
23.Rae1 f6 24.Nf1 Rf7 25.Ne3 Ne7 26.Qa2 Nf8 27.Nd5 Nxd5 28.cxd5 Rd8 29.Nd2
Ng6 30.Bh3 Kh8 31.Be6 Re7 32.Ne4 Rxe6 33.dxe6 Be7 34.Qc2 Qc8 35.Rf1 Qxe6
36.f4 f5 37.Nd2 Qd5 38.Rf3 exf4 39.gxf4 Bd6 40.Qb2 Bxf4 41.Bxg7+ Kg8 42.Bf6
Bxd2 43.Bxd8 Qxf3 44.Rxd2 Qh1+ 45.Kf2 Qg2+ 0-1

[Event "Deutsche Einzelmeisterschaft 1997"] 
[Site "Gladenbach"]  
[Date "1997.11.20"] 
[Round "4"]
[White "Bischoff,K"]
[Black "Zude,A"] 
[Result "1-0"] 
[WhiteElo "2535"]
[BlackElo "2395"]

1.e4 e5 2.Nf3 Nc6 3.Bb5 a6 4.Ba4 d6 5.c3 Bd7 6.d4 Nge7 7.d5 Nb8 8.c4 Ng6
9.g3 Be7 10.Nc3 0-0 11.Bxd7 Nxd7 12.h4 Re8 13.Be3 c5 14.a4 Qc8 15.Nd2 Nf6
16.f3 Nh5 17.Bf2 Nf8 18.Qe2 g6 19.Kd1 Nd7 20.Kc2 Bf8 21.Rag1 Bh6 22.Be3 Bxe3
23.Qxe3 Qd8 24.Nb3 Nb6 25.Nd2 Nd7 26.Nb3 Nb6 27.Qd3 Rb8 28.Nc1 Nd7 29.N1e2
Qa5 30.Ra1 Qd8 31.Qd2 Nf8 32.g4 Nf6 33.Ng3 N6d7 34.b3 Qf6 35.Qe3 b6 36.Nge2
Qe7 37.Kd2 Qd8 38.Nc1 Nf6 39.Nd3 h5 40.Rag1 N8h7 41.g5 Nd7 42.Ke2 Nhf8
43.Kf2 Rb7 44.Kg3 a5 45.Nb5 Qe7 46.Re1 f6 47.gxf6 Nxf6 48.Kf2 Qd8 49.Ke2 Rg7
50.Kd1 Ree7 51.Kc2 Ref7 52.Ref1 Qe7 53.Rf2 N8d7 54.Rg2 Ne8 55.Rh3 Kh7 56.Qg1
Qf8 57.Rf2 Rf6 58.Rg3 Rgf7 59.Qg2 Qe7 60.Nc3 Qf8 61.Ne2 Qh6 62.Ng1 Rf4
63.Nxf4 exf4 64.Rg5 Qg7 65.Rf1 Ne5 66.Nh3 Rf6 67.Qd2 Qf8 68.Qc3 Qe7 69.Nf2
Nf7 70.Rg2 Ne5 71.Nd3 Nxd3 72.Kxd3 Ng7 73.Rfg1 Qf8 74.Rg5 Qf7 75.Kc2 Qf8
76.R1g2 Qf7 77.Kb2 Qf8 78.Ka2 Qf7 79.Re2 Qf8 80.Qe1 Rf7 81.Qg1 Rf6 82.Qg2
Qf7 83.Qh3 Qe8 84.Reg2 Kh6 85.Qh1 Kh7 86.Qa1 Qf7 87.Re2 Qf8 88.Qc3 Qe7
89.Qe1 Qf8 90.e5 dxe5 91.Rgxe5 Nf5 92.Re8 Qg7 93.R2e6 Rf7 94.Rxb6 Qd4 95.Ka3
Ne3 96.Qb1 Rg7 97.Rbb8 Nxc4+ 98.bxc4 Qc3+ 99.Qb3 Qa1+ 100.Qa2 Qc3+ 101.Rb3
Qxc4 102.Rh8+ 1-0

[Event "Deutsche Einzelmeisterschaft 1997"] 
[Site "Gladenbach"]  
[Date "1997.11.20"] 
[Round "4"]
[White "Miltner,A"]
[Black "Wahls,M"] 
[Result "0-1"] 
[WhiteElo "2410"]
[BlackElo "2595"]

1.d4 Nf6 2.Bg5 Ne4 3.Bf4 c5 4.f3 Qa5+ 5.c3 Nf6 6.Nd2 cxd4 7.Nb3 Qf5 8.Bxb8
Rxb8 9.Qxd4 b6 10.e4 Qf4 11.Nh3 Qc7 12.e5 Ng8 13.Bd3 e6 14.0-0 f5 15.Kh1 Nh6
16.Rfe1 Be7 17.Nd2 Nf7 18.a4 0-0 19.b4 d6 20.exd6 Bxd6 21.Nc4 Bxh2 22.f4 Bg3
23.Re2 Bh4 24.Rc1 Bb7 25.Ne5 Bf6 26.Qe3 Bxe5 27.fxe5 Nh6 28.Nf4 Ng4 29.Qg3
Rbe8 30.Bb1 Qf7 31.Ba2 g5 32.Nxe6 Rxe6 33.Rd1 Kh8 34.Rd6 Qh5+ 0-1

[Event "Deutsche Einzelmeisterschaft 1997"] 
[Site "Gladenbach"]  
[Date "1997.11.20"] 
[Round "4"]
[White "Slobodjan,R"]
[Black "Lampe,D"]
[Result "1/2-1/2"] 
[WhiteElo "2550"]
[BlackElo "2295"]

1.e4 c5 2.Nf3 Nc6 3.d4 cxd4 4.Nxd4 Nf6 5.Nc3 e5 6.Ndb5 d6 7.Bg5 a6 8.Na3 b5
9.Nd5 Be7 10.Bxf6 Bxf6 11.c3 Bb7 12.Nc2 Nb8 13.g3 Nd7 14.Bg2 0-0 15.0-0 g6
16.Re1 Bg7 17.Qd2 Nb6 18.Nxb6 Qxb6 19.Red1 Rfd8 20.Nb4 Bc6 21.Qc2 Rab8
22.Bf1 Qb7 23.Bg2 Qb6 24.Rd3 Qb7 25.Re1 Qa8 26.Qd2 Rbc8 27.Bf3 Bf8 28.Nxc6
Rxc6 29.Bd1 Kg7 30.Bb3 Rc7 31.Rf3 f6 32.Kg2 a5 33.a3 Be7 34.Rd3 Qb8 35.Qe2
Rc5 36.Red1 Qc7 37.h4 Qd7 38.Rd5 Rdc8 39.R5d3 R5c6 40.R1d2 Rc5 41.Qd1 R8c7
42.Ba2 a4 43.Qe2 Qc8 44.Rd5 Qd7 45.Rd1 R7c6 46.h5 Rxd5 47.Bxd5 Rc8 48.Rh1 f5
49.hxg6 hxg6 50.exf5 Qxf5 51.Qxb5 e4 52.Kg1 e3 53.Rh2 Rf8 54.f3 Qg5 55.Kg2
Rf5 56.Qe8 Rxd5 57.Qh8+ Kf7 58.Rh7+ Ke6 59.Qc8+ Kf6 60.Qh8+ 1/2-1/2

[Event "Deutsche Einzelmeisterschaft 1997"] 
[Site "Gladenbach"]  
[Date "1997.11.20"] 
[Round "4"]
[White "Luther,T"]
[Black "Heinemann,T"]
[Result "1-0"] 
[WhiteElo "2525"]
[BlackElo "2450"]

1.e4 c5 2.Nf3 d6 3.d4 cxd4 4.Nxd4 Nf6 5.Nc3 a6 6.Bg5 e6 7.f4 Qc7 8.Qf3 Nc6
9.0-0-0 Bd7 10.Bxf6 gxf6 11.Kb1 0-0-0 12.Nxc6 Bxc6 13.f5 Be7 14.Bc4 Bd7
15.Bb3 Qa5 16.Ne2 Qe5 17.Nf4 Rde8 18.Rhe1 Bd8 19.Nd3 Qa5 20.Qh5 exf5 21.exf5
Qxf5 22.Qxf7 Rhf8 23.Qc4+ Kb8 24.Qd4 Bc7 25.Bd5 Rxe1 26.Rxe1 Re8 27.Rxe8+
Bxe8 28.a3 Bc6 29.Bxc6 bxc6 30.g4 Qf1+ 31.Ka2 d5 32.Qa4 Kb7 33.Qb4+ Kc8
34.Qf8+ Kb7 35.Qb4+ Kc8 36.Qf8+ Kb7 37.h4 Qe2 38.Qb4+ Bb6 39.Nc5+ Ka7 40.Nd7
Bc7 41.Qc5+ Kb7 42.Nxf6 h6 43.g5 hxg5 44.hxg5 Qg2 45.Qb4+ Ka7 46.Qe7 Kb8
47.Nd7+ Kb7 48.Nc5+ Kb6 49.Ne6 Bh2 50.Qb4+ Ka7 51.Nd8 1-0

[Event "Deutsche Einzelmeisterschaft 1997"] 
[Site "Gladenbach"]  
[Date "1997.11.20"] 
[Round "4"]
[White "Schmittdiel,E"]
[Black "Maiwald,J"] 
[Result "1/2-1/2"] 
[WhiteElo "2450"]
[BlackElo "2450"]

1.e4 d6 2.d4 Nf6 3.Nc3 c6 4.f4 g6 5.Nf3 Bg7 6.Bd3 0-0 7.0-0 Bg4 8.Be3 Qb6
9.Qd2 Bxf3 10.gxf3 Nbd7 11.Ne2 Qc7 12.Kh1 e5 13.fxe5 dxe5 14.c3 Rfe8 15.Ng3
Rad8 16.Rad1 b5 17.Qf2 Kh8 18.Bc2 a5 19.a4 bxa4 20.Bxa4 Qb7 21.Qe2 Nb6
22.Bc2 exd4 23.Bxd4 Nbd5 24.Ba4 Nf4 25.Qc2 Rb8 26.Rf2 Qc7 27.Bc5 Bf8 28.Be3
Ne6 29.Bb3 Bc5 30.Bxc5 Nxc5 31.Ba2 h5 32.Qd2 Rbd8 33.Qh6+ Nh7 34.Rfd2 Rxd2
35.Qxd2 Qe7 36.Qd4+ Nf6 37.Qd6 Na4 38.Qxc6 Nxb2 39.Rd2 Rb8 40.Ne2 Kg7 41.Rd4
h4 42.Nf4 Qe5 43.Nd5 Nxd5 44.Qxd5 Qf4 45.e5 Qc1+ 46.Kg2 h3+ 47.Kxh3 Qf1+
48.Kg3 Qe1+ 49.Kg4 Qg1+ 50.Kf4 Qxh2+ 51.Ke3 Qg1+ 52.Ke2 Qg2+ 53.Ke1 Qg1+
54.Ke2 Qg2+ 55.Ke3 Qg1+ 56.Kf4 Qh2+ 57.Kg5 Qh5+ 58.Kf4 Qh4+ 1/2-1/2

[Event "Deutsche Einzelmeisterschaft 1997"] 
[Site "Gladenbach"]  
[Date "1997.11.20"] 
[Round "4"]
[White "Dittmar,P"]
[Black "Kindermann,S"] 
[Result "0-1"] 
[WhiteElo "2325"]
[BlackElo "2570"]

1.d4 Nf6 2.c4 g6 3.Nc3 Bg7 4.Nf3 d6 5.Bf4 0-0 6.e3 Nc6 7.Be2 Nh5 8.Bg5 h6
9.Bh4 g5 10.Nd2 Nf4 11.exf4 gxh4 12.Nb3 e5 13.fxe5 dxe5 14.dxe5 Qg5 15.Qd2
Bxe5 16.Qxg5+ hxg5 17.0-0 a5 18.Na4 Nd4 19.Nxd4 Bxd4 20.Rad1 Rd8 21.Bf3 c6
22.Rd2 Bf5 23.Rfd1 Bf6 24.Nc5 Rxd2 25.Rxd2 Re8 26.g4 h3 27.Kf1 Bc8 28.Ne4
Be5 29.Re2 Rd8 30.Nxg5 Rd1+ 31.Re1 Rxe1+ 32.Kxe1 f5 33.gxf5 Bxf5 34.Be4 Bg4
35.Nf3 Bxb2 36.Kd2 Kg7 37.Ke3 Kf6 38.Kf4 Be6 39.Bd3 a4 40.Bf1 a3 41.Ke3 b5
42.cxb5 cxb5 43.Bxb5 Bxa2 44.Bd3 Bc1+ 45.Ke2 Be6 46.Bb1 Bg4 47.Ba2 Bf4
48.Bb1 Ke7 0-1

[Event "Deutsche Einzelmeisterschaft 1997"] 
[Site "Gladenbach"]  
[Date "1997.11.20"] 
[Round "4"]
[White "Schwing,H"]
[Black "Keitlinghaus,L"]
[Black "Keitlinghaus,L"] 
[Result "0-1"] 
[WhiteElo "2315"]
[BlackElo "2525"]

1.d4 f5 2.c4 Nf6 3.Nc3 e6 4.g3 Bb4 5.Bg2 Bxc3+ 6.bxc3 0-0 7.Nf3 d6 8.0-0 Nc6
9.Ba3 Ne4 10.Qd3 Qe7 11.Ne1 e5 12.Bxe4 fxe4 13.Qxe4 Bf5 14.Qe3 Na5 15.Qxe5
Qxe5 16.dxe5 Nxc4 17.Bc1 Nxe5 18.Ng2 Bh3 19.Rb1 b6 20.Rd1 Bxg2 21.Kxg2 Nc6
22.e4 Rae8 23.f3 Re5 24.Rd5 Rxd5 25.exd5 Na5 26.Rb4 Rf5 27.Rd4 b5 28.f4 Nc4
29.g4 Rf8 30.Kf3 Kf7 31.Be3 h5 32.Re4 hxg4+ 33.Kxg4 Ra8 34.a4 Re8 35.Rxc4
bxc4 36.Bxa7 Ra8 37.Bd4 Ra5 0-1